| 000 | 00793nam a2200241 a 4500 | ||
|---|---|---|---|
| 001 | ES-MaREB01088790-3 | ||
| 003 | ES-MaREB | ||
| 005 | 20181024095312.0 | ||
| 007 | ta | ||
| 008 | 100604s2009 espa | |||| 000 0 spa d | ||
| 017 | _aB 47440-2009 | ||
| 020 | _a9788492442560 | ||
| 033 | 0 | _a20100408 | |
| 040 | _aBP-LO | ||
| 080 | _a364.444.046 | ||
| 100 | 1 | _aGovindarajan, Rajaram | |
| 245 | 1 | 3 |
_aEl desorden sanitario tiene cura _b: desde la seguridad del paciente hasta la sostenibilidad del sistema sanitario con la gestión por procesos / _cRajaram Govindarajan. |
| 260 |
_aValncia : _bMarge Médica Books, _c2009. |
||
| 300 |
_a204 p. : _bil., gráf. ; _c24 cm. |
||
| 490 | 0 | _aGestiona | |
| 504 | _aBibliografía: p. [201]-204. | ||
| 650 | 4 |
_aServicios de salud _xGestión de calidad. |
|
| 999 |
_c4035 _d4035 |
||